| 000 | 00738nam a2200253Ia 4500 | ||
|---|---|---|---|
| 003 | OSt | ||
| 005 | 20221007080752.0 | ||
| 006 | a|||||r|||| 00| 0 | ||
| 007 | ta | ||
| 008 | 221006b |||||||| |||| 00| 0 eng d | ||
| 024 | _a44,419 | ||
| 037 | _cTextual | ||
| 040 |
_aFLL _cFLL _beng |
||
| 041 |
_2eng _aeng |
||
| 082 | _aZ1,2673, Q1 | ||
| 100 |
_aWONG Tzen _9695444 |
||
| 245 | 0 |
_aIntellectual property and human development _b current trends and future scenarios |
|
| 250 | _a1st | ||
| 260 |
_aNew York _bCambridge University Press USA _c2011 |
||
| 300 |
_al,397p. _ccm. |
||
| 700 |
_a DUTFIELD Graham _9695445 |
||
| 942 |
_hZ1,2673, Q1 _cTEXL _2CC |
||
| 999 |
_c1160822 _d1160822 |
||